000 02035nam0a2200397 4500
001 RU\NLR\bibl\338783
005 20250621150806.0
010 _a5-94228-006-1
_920000
021 _aRU
_b2002-42273
_92055
035 _a(NLR Aleph) 000333669
090 _a172699
_c172699
100 _a20021110d2002 |||y0rusy50 ca
101 0 _arus
102 _aRU
105 _aa |||||||||
200 1 _aРуководство по ремонту, эксплуатации и обслуживанию
_eАвтомобили ВАЗ-2108, ВАЗ-21081, ВАЗ-21083, ВАЗ-2109, ВАЗ-21091, ВАЗ-21093, ВАЗ-21099
210 _aМ.
_cРусьАвтокнига
_d2002
215 _a367 с., [8] л. цв. ил.
_cил.
_d28
_e1 л. цв. схем.
300 _aЗагл. обл.: ВАЗ 2108-09
423 0 _12001#$aКаталог запасных частей$eАвтомобили ВАЗ-2109, ВАЗ-21093, ВАЗ-21099 и модификации
_1210##$aМ.$d2002
_1215##$aС. 193-367$cил.
_tКаталог запасных частей
512 1 _aВАЗ 2108-09
606 0 _aАвтомобили ВАЗ "Спутник"
_jРуководства, пособия и т.п.
_xЭксплуатация
_92079580
_3RU\NLR\auth\661255470
606 0 _a"Спутник", легковые автомобили
_jРуководства, пособия и т.п.
_xЭксплуатация
_92103326
_3RU\NLR\auth\661271828
606 0 _aАвтомобили ВАЗ "Спутник"
_jКаталоги
_xЗапасные части
_91047861
_3RU\NLR\auth\6686513
606 0 _a"Спутник", легковые автомобили
_jКаталоги
_xЗапасные части
_92084107
_3RU\NLR\auth\661260187
675 _a629.33-08
_v3
_zrus
686 _a55.43
_2rugasnti
686 _a39.335.52-8
_2rubbk
686 _aО335.52-08я7"Спутник"
801 0 _aRU
_bRKP
_c20021110
_gPSBO
801 1 _aRU
_bRKP
_c20021110
801 2 _aRU
_bNLR
_c20021219
_grcr
942 _cBOOK
980 _aNB